Managing the design factory : (Record no. 353837)

000 -LEADER
fixed length control field 01394cam a2200337 a 4500
001 - CONTROL NUMBER
control field 4489223
003 - CONTROL NUMBER IDENTIFIER
control field OSt
005 - DATE AND TIME OF LATEST TRANSACTION
control field 20180116192419.0
008 - FIXED-LENGTH DATA ELEMENTS--GENERAL INFORMATION
fixed length control field 970430s1997 nyua b 001 0 eng
010 ## - LIBRARY OF CONGRESS CONTROL NUMBER
LC control number 97020343
020 ## - INTERNATIONAL STANDARD BOOK NUMBER
International Standard Book Number 0684839911
020 ## - INTERNATIONAL STANDARD BOOK NUMBER
International Standard Book Number 978-0684839912
040 ## - CATALOGING SOURCE
Original cataloging agency DLC
Transcribing agency DLC
Modifying agency DLC
050 00 - LIBRARY OF CONGRESS CALL NUMBER
Classification number TS170
Item number .R45 1997
082 00 - DEWEY DECIMAL CLASSIFICATION NUMBER
Classification number 658.575
Edition number 21
100 1# - MAIN ENTRY--PERSONAL NAME
Personal name Reinertsen, Donald G.,
Dates associated with a name 1950-
9 (RLIN) 7108
245 10 - TITLE STATEMENT
Title Managing the design factory :
Remainder of title a product developer's toolkit /
Statement of responsibility, etc. Donald G. Reinertsen.
260 ## - PUBLICATION, DISTRIBUTION, ETC.
Place of publication, distribution, etc. New York :
Name of publisher, distributor, etc. Free Press,
Date of publication, distribution, etc. c1997.
300 ## - PHYSICAL DESCRIPTION
Extent xi, 269 p. :
Other physical details ill. ;
Dimensions 25 cm.
504 ## - BIBLIOGRAPHY, ETC. NOTE
Bibliography, etc. note Includes bibliographical references (p. 255-256) and index.
650 #0 - SUBJECT ADDED ENTRY--TOPICAL TERM
Topical term or geographic name entry element New products.
9 (RLIN) 7109
650 #0 - SUBJECT ADDED ENTRY--TOPICAL TERM
Topical term or geographic name entry element Industrial design.
9 (RLIN) 7110
650 #0 - SUBJECT ADDED ENTRY--TOPICAL TERM
Topical term or geographic name entry element Product management.
9 (RLIN) 7111
856 42 - ELECTRONIC LOCATION AND ACCESS
Materials specified Contributor biographical information
Uniform Resource Identifier <a href="http://www.loc.gov/catdir/bios/simon051/97020343.html">http://www.loc.gov/catdir/bios/simon051/97020343.html</a>
856 42 - ELECTRONIC LOCATION AND ACCESS
Materials specified Publisher description
Uniform Resource Identifier <a href="http://www.loc.gov/catdir/description/simon031/97020343.html">http://www.loc.gov/catdir/description/simon031/97020343.html</a>
856 41 - ELECTRONIC LOCATION AND ACCESS
Materials specified Table of contents only
Uniform Resource Identifier <a href="http://www.loc.gov/catdir/enhancements/fy0631/97020343-t.html">http://www.loc.gov/catdir/enhancements/fy0631/97020343-t.html</a>
856 41 - ELECTRONIC LOCATION AND ACCESS
Materials specified Sample text
Uniform Resource Identifier <a href="http://www.loc.gov/catdir/enhancements/fy0641/97020343-s.html">http://www.loc.gov/catdir/enhancements/fy0641/97020343-s.html</a>
906 ## - LOCAL DATA ELEMENT F, LDF (RLIN)
a 7
b cbc
c orignew
d 1
e ocip
f 19
g y-gencatlg
942 ## - ADDED ENTRY ELEMENTS (KOHA)
Source of classification or shelving scheme
Koha item type Book
Holdings
Withdrawn status Lost status Source of classification or shelving scheme Damaged status Not for loan Permanent Location Current Location Date acquired Total Checkouts Full call number Barcode Date last seen Date last checked out Cost, replacement price Price effective from Koha item type
          School of Art Design and Architecture (SADA) School of Art Design and Architecture (SADA) 11/26/2013 1 658.575 REI 1997 SADA0002167 03/17/2016 02/22/2016 3659.04 11/26/2013 Book
© 2023 Central Library, National University of Sciences and Technology. All Rights Reserved.